| 000 | 00618cab a22002055a 4500 | ||
|---|---|---|---|
| 001 | L155796 | ||
| 008 | 120417e20121111xxk f 000 0 eng d | ||
| 035 | _a(Sirsi) u155796 | ||
| 041 | 0 | _aeng | |
| 100 | 1 | _aWithers, Iain | |
| 245 | 0 | 0 | _aColombia |
| 260 | _c2012 | ||
| 490 |
_aBuilding _v277 (8723) 13 April 2012, 32-36(5) |
||
| 520 | _aExamines the construction industry in Colombia and the opportunities for UK construction firms; current projects; doing business; key contacts. | ||
| 590 | _aKA | ||
| 651 | 4 | _aColombia | |
| 651 | 4 |
_aUnited Kingdom _y |
|
| 690 |
_aConstruction management _96230 |
||
| 942 | _n0 | ||
| 999 |
_c83920 _d83920 |
||